[Event "21st ch-EUR Indiv w 2021"]
[Site "Iasi ROU"]
[Date "2021.08.18"]
[Round "9.19"]
[White "Rozman, Monika"]
[Black "Salimova, Nurgyul"]
[Result "1/2-1/2"]
[WhiteTitle "WFM"]
[BlackTitle "IM"]
[WhiteElo "2122"]
[BlackElo "2382"]
[WhiteFideId "14609118"]
[BlackFideId "2915138"]
[EventDate "2021.08.09"]

1. e4 c6 2. d4 d5 3. Nc3 dxe4 4. Nxe4 Nf6 5. Nxf6+ exf6 6. c3 Bd6 7. Bd3 O-O 8.
Qc2 Re8+ 9. Ne2 h5 10. O-O h4 11. h3 Nd7 12. Bf4 Nf8 13. Qd2 Ne6 14. Bxd6 Qxd6
15. Rfe1 Bd7 16. Rad1 b5 17. Bc2 Rad8 18. Qd3 Nf8 19. Qf3 Be6 20. a3 Bc4 21. Nf4
g6 22. Qg4 a5 23. Nd3 Bxd3 24. Bxd3 Rxe1+ 25. Rxe1 c5 26. Bxb5 Qb6 27. a4 cxd4
28. Qxh4 dxc3 29. bxc3 Kg7 30. Qg4 Rd5 31. Rd1 Rg5 32. Qe4 Ne6 33. Rd5 Rg3 34.
Qc4 Rg5 35. Rxg5 Nxg5 36. Qd5 Ne6 37. g3 Qc7 38. c4 Qe7 39. Kg2 Nc5 40. h4 Ne6
41. Bc6 Nc5 42. Qd4 Kg8 43. Qd1 Kg7 44. Qd5 Qa7 45. h5 gxh5 46. Qxh5 Qe7 47. Qf5
Kg8 48. Qc2 Kg7 49. Qf5 Kg8 50. Bd5 Nxa4 51. Qg4+ Kf8 52. Qh5 Kg7 53. Qg4+ Kf8
54. Qh4 Kg7 55. Be4 Qc7 56. Qh7+ Kf8 57. Bd5 Nb6 58. Qh6+ Ke7 59. Qe3+ Kf8 60.
Qh6+ Ke7 61. Qe3+ Kf8 62. Qh6+ 1/2-1/2

[Event "21st ch-EUR Indiv w 2021"]
[Site "Iasi ROU"]
[Date "2021.08.18"]
[Round "9.20"]
[White "Radeva, Viktoria"]
[Black "Urh, Zala"]
[Result "1/2-1/2"]
[WhiteTitle "WGM"]
[BlackTitle "WIM"]
[WhiteElo "2372"]
[BlackElo "2216"]
[WhiteFideId "2915405"]
[BlackFideId "14611481"]
[EventDate "2021.08.09"]

1. e4 e5 2. Nf3 Nc6 3. Bc4 Bc5 4. d3 Nf6 5. O-O d6 6. c3 a6 7. a4 h6 8. b4 Ba7
9. Nbd2 O-O 10. h3 Re8 11. Re1 Be6 12. Bxe6 Rxe6 13. Qc2 Qd7 14. Nf1 d5 15. exd5
Qxd5 16. Be3 e4 17. dxe4 Qxe4 18. Qb2 Bxe3 19. Nxe3 Ne5 20. Nxe5 Qxe5 21. Nc2
Qd5 22. Red1 Qc4 23. Rd4 Qc6 24. Ne3 b5 25. axb5 axb5 26. Rxa8+ Qxa8 27. c4 bxc4
28. Rxc4 Rc6 29. Qd4 Rxc4 30. Qxc4 Qa1+ 31. Kh2 Qe5+ 32. Kg1 Qa1+ 33. Kh2 Qe5+ 1/2-1/2

[Event "21st ch-EUR Indiv w 2021"]
[Site "Iasi ROU"]
[Date "2021.08.18"]
[Round "9.21"]
[White "Kulon, Klaudia"]
[Black "Zherebtsova, Alexandra"]
[Result "0-1"]
[WhiteTitle "IM"]
[BlackTitle "WFM"]
[WhiteElo "2363"]
[BlackElo "2188"]
[WhiteFideId "1131044"]
[BlackFideId "24129518"]
[EventDate "2021.08.09"]

1. e4 c5 2. b4 cxb4 3. a3 b3 4. cxb3 d5 5. exd5 Nf6 6. Bb5+ Bd7 7. Bc4 b5 8. Bd3
Na6 9. Nc3 Nc7 10. Qe2 Rb8 11. d6 Ne6 12. Nxb5 Nd5 13. Nh3 Qb6 14. Nc3 Ndf4 15.
Nxf4 Nxf4 16. Qf3 Nxd3+ 17. Qxd3 e6 18. O-O Qxd6 19. Qe3 Rxb3 20. Qxa7 Be7 21.
a4 O-O 22. Ba3 Rxa3 23. Rxa3 Qxa3 24. Qxd7 Rd8 25. Qb5 h6 26. g3 Bf6 27. Ne4 Bd4
28. Rb1 Qf3 29. Qb7 Rd5 30. Qb8+ Kh7 31. Qf4 Qd3 32. Rb4 f5 33. Nc3 e5 34. Qh4
Qxd2 35. Ne4 Qe1+ 36. Kg2 Qxe4+ 0-1

[Event "21st ch-EUR Indiv w 2021"]
[Site "Iasi ROU"]
[Date "2021.08.18"]
[Round "9.22"]
[White "Cosma, Elena-Luminita"]
[Black "Sieber, Fiona"]
[Result "1-0"]
[WhiteTitle "WGM"]
[BlackTitle "WIM"]
[WhiteElo "2311"]
[BlackElo "2254"]
[WhiteFideId "1201590"]
[BlackFideId "12902373"]
[EventDate "2021.08.09"]

1. d4 Nf6 2. Nf3 g6 3. g3 Bg7 4. Bg2 d5 5. O-O O-O 6. c4 dxc4 7. Na3 c3 8. bxc3
c5 9. Qb3 Nc6 10. Rd1 cxd4 11. cxd4 Bf5 12. Bb2 Be4 13. Ne5 Na5 14. Qa4 Bxg2 15.
Kxg2 Rc8 16. Kg1 Ne4 17. Rac1 Qb6 18. Qb5 Qxb5 19. Nxb5 a6 20. Nc3 Nxc3 21. Bxc3
Nc4 22. Bb4 Nd6 23. e3 Rfe8 24. Nd3 Bf8 25. Bxd6 exd6 26. Nb4 Red8 27. Nd5 Rc6
28. a4 Rdc8 29. Rb1 Rc2 30. Rxb7 Ra2 31. Ra7 Rc4 32. Rxa6 Rcxa4 33. Rxa4 Rxa4
34. Rb1 Ra6 35. Rb7 h5 36. Kg2 Kg7 37. h4 Ra5 38. Nc3 Kg8 39. Ne4 Ra8 40. Rd7
Ra6 41. Ng5 f5 42. Rd8 Ra7 43. Ne6 Rf7 44. d5 Rf6 45. Kf3 Rxe6 46. dxe6 Kg7 47.
Rd7+ 1-0

[Event "21st ch-EUR Indiv w 2021"]
[Site "Iasi ROU"]
[Date "2021.08.18"]
[Round "9.23"]
[White "Heinemann, Josefine"]
[Black "Gaboyan, Susanna"]
[Result "1/2-1/2"]
[WhiteTitle "WGM"]
[BlackTitle "WIM"]
[WhiteElo "2296"]
[BlackElo "2215"]
[WhiteFideId "12900460"]
[BlackFideId "13303627"]
[EventDate "2021.08.09"]

1. e4 c5 2. Nf3 Nc6 3. d4 cxd4 4. Nxd4 Nf6 5. Nc3 e5 6. Ndb5 d6 7. Bg5 a6 8. Na3
b5 9. Nd5 Be7 10. Bxf6 Bxf6 11. c3 Bg5 12. Nc2 Ne7 13. h4 Bh6 14. a4 bxa4 15.
Ncb4 O-O 16. Qxa4 a5 17. Nxe7+ Qxe7 18. Nd5 Qb7 19. Bc4 Kh8 20. O-O f5 21. Qa3
Qc6 22. Ne3 Bxe3 23. Bd5 Qb6 24. Bxa8 Ba6 25. Qxa5 Bxf1 26. Qxb6 Bxb6 27. Kxf1
fxe4 28. f3 exf3 29. gxf3 g6 30. Be4 Kg7 31. h5 gxh5 32. Ra6 Rb8 33. Ra8 Rxa8
34. Bxa8 Kf6 35. b4 Kf5 36. Kg2 Kf4 37. Kh3 Kg5 38. Be4 h6 39. c4 Bd4 40. Bd5
Be3 1/2-1/2

[Event "21st ch-EUR Indiv w 2021"]
[Site "Iasi ROU"]
[Date "2021.08.18"]
[Round "9.24"]
[White "Ilyuchyk, Yana"]
[Black "Sedina, Elena"]
[Result "1/2-1/2"]
[WhiteTitle "WFM"]
[BlackTitle "IM"]
[WhiteElo "2097"]
[BlackElo "2279"]
[WhiteFideId "13508407"]
[BlackFideId "812153"]
[EventDate "2021.08.09"]

1. e4 e6 2. d4 d5 3. Nc3 Bb4 4. e5 c5 5. Bd2 Ne7 6. a3 Bxc3 7. Bxc3 b6 8. Bb5+
Bd7 9. Bd3 Nbc6 10. Nf3 Qb8 11. O-O cxd4 12. Nxd4 Nxe5 13. f4 Nxd3 14. Qxd3 O-O
15. Rae1 Qd8 16. Qg3 Ng6 17. f5 exf5 18. Qd6 f4 19. Qxd5 Rc8 20. Qf3 Qc7 21. Qh5
Rfe8 22. Nf3 Qc5+ 23. Qxc5 Rxc5 24. Rxe8+ Bxe8 25. Rd1 Rc8 26. h4 h5 27. Rd5 f6
28. Kf2 Ba4 29. Nd4 Kf7 30. Bd2 Ne7 31. Rd6 Bxc2 32. Rd7 a5 33. Bxf4 Ke8 34. Rb7
Rc4 35. Be3 Nd5 36. Rxg7 Nxe3 37. Kxe3 Rc5 38. Rb7 Re5+ 39. Kd2 Rd5 40. Kxc2
Rxd4 41. Rxb6 Rxh4 42. Rxf6 Rg4 43. Rf2 Kd7 44. Kc3 Kc6 45. b3 Rg3+ 46. Kc4 Rg4+
47. Kc3 Rg3+ 48. Kc4 1/2-1/2

[Event "21st ch-EUR Indiv w 2021"]
[Site "Iasi ROU"]
[Date "2021.08.18"]
[Round "9.25"]
[White "Sandu, Mihaela"]
[Black "Narva, Triin"]
[Result "1-0"]
[WhiteTitle "WGM"]
[BlackTitle "WFM"]
[WhiteElo "2263"]
[BlackElo "2100"]
[WhiteFideId "1204327"]
[BlackFideId "4502680"]
[EventDate "2021.08.09"]

1. d4 g6 2. e4 Bg7 3. Nf3 c6 4. Nc3 d5 5. h3 Nf6 6. e5 Ne4 7. Nxe4 dxe4 8. Ng5
c5 9. e6 f6 10. Nf7 Qxd4 11. Be3 Qxd1+ 12. Rxd1 O-O 13. Bc4 Nc6 14. Bxc5 Rb8 15.
O-O b6 16. Ba3 b5 17. Bd6 bxc4 18. Bxb8 Bxe6 19. Nd8 Nxd8 20. Bxa7 Nc6 21. Bc5
f5 22. b4 cxb3 23. cxb3 Ra8 24. Rd2 Kf7 25. f3 exf3 26. Rxf3 Be5 27. Rfd3 Kf6
28. Kf2 g5 29. Rc2 h5 30. Rdd2 f4 31. b4 Rb8 32. a3 g4 33. hxg4 hxg4 34. Rc1 Kf5
35. Ke2 Ke4 36. Bg1 f3+ 37. Kf1 Na7 38. Re1+ Kf5 39. Rxe5+ Kxe5 40. Bh2+ Ke4 41.
gxf3+ gxf3 42. Bxb8 Nc6 43. Bg3 Nd4 44. Bf2 Bc4+ 45. Kg1 Ne2+ 46. Kh2 e5 47. a4
Nc3 48. a5 Bb5 49. Rd8 Bc4 50. Rd6 Nb5 51. Rf6 Be2 52. a6 Kd3 53. a7 Nxa7 54.
Bxa7 e4 55. Re6 Bd1 56. Kg3 Bb3 57. Re7 Bd5 58. Kf2 Kc4 59. Bc5 Kb5 60. Ke3 Kc4
61. Re5 Bc6 62. Be7 Bb7 63. b5 Ba8 64. b6 Bb7 65. Rc5+ Kb3 66. Rc7 1-0

[Event "21st ch-EUR Indiv w 2021"]
[Site "Iasi ROU"]
[Date "2021.08.18"]
[Round "9.26"]
[White "Eric, Jovana"]
[Black "Mkrtchyan, Mariam"]
[Result "0-1"]
[WhiteTitle "WGM"]
[BlackTitle "WFM"]
[WhiteElo "2254"]
[BlackElo "2093"]
[WhiteFideId "938238"]
[BlackFideId "13310828"]
[EventDate "2021.08.09"]

1. e4 c6 2. Nf3 d5 3. exd5 cxd5 4. Ne5 Nc6 5. d4 e6 6. Bb5 Bd7 7. Nxd7 Qxd7 8.
c3 a6 9. Bd3 Bd6 10. O-O Nf6 11. Nd2 O-O 12. Nf3 Ne4 13. Ng5 f5 14. Bxe4 fxe4
15. Qh5 h6 16. Nh3 Rf6 17. Be3 Ne7 18. Rae1 Raf8 19. Bc1 Rf5 20. Qe2 R8f6 21. f3
exf3 22. Rxf3 Qc7 23. Kh1 Bxh2 24. Re3 Bg3 25. Rd1 Qd6 26. Qd3 Rg6 27. b3 Rff6
28. Rf3 Rxf3 29. Qxf3 Rf6 30. Qg4 Qc7 31. Bd2 Nf5 32. Ng1 Qf7 33. Nf3 Rg6 34.
Qh3 Bc7 35. Be1 Ng3+ 36. Kh2 Ne2+ 37. Ne5 Bxe5+ 38. dxe5 Qf1 39. Qf3 Qg1+ 0-1

[Event "21st ch-EUR Indiv w 2021"]
[Site "Iasi ROU"]
[Date "2021.08.18"]
[Round "9.27"]
[White "Brunello, Marina"]
[Black "Gajcin, Marina"]
[Result "1-0"]
[WhiteTitle "IM"]
[BlackTitle "WIM"]
[WhiteElo "2379"]
[BlackElo "2219"]
[WhiteFideId "822590"]
[BlackFideId "949086"]
[EventDate "2021.08.09"]

1. e4 c5 2. Nf3 g6 3. d4 Bg7 4. c4 d6 5. Nc3 Bg4 6. dxc5 Bxc3+ 7. bxc3 dxc5 8.
Qxd8+ Kxd8 9. Ne5 Be6 10. a4 Nd7 11. Nxd7 Bxd7 12. Be3 b6 13. a5 Bc6 14. f3 Nf6
15. g4 Nd7 16. g5 f5 17. gxf6 exf6 18. Kf2 Ke7 19. Be2 h5 20. h4 Ne5 21. Bf4
Rhd8 22. Ke3 Ke6 23. Rhb1 Nd7 24. Rg1 Rg8 25. Bf1 Ne5 26. axb6 axb6 27. Rxa8
Bxa8 28. Bh3+ Ke7 29. Bxe5 fxe5 30. Ra1 Bc6 31. Ra7+ Kd6 32. Rf7 Ba4 33. f4
exf4+ 34. Kxf4 b5 35. e5+ Kc6 36. Bd7+ Kb6 37. e6 1-0

[Event "21st ch-EUR Indiv w 2021"]
[Site "Iasi ROU"]
[Date "2021.08.18"]
[Round "9.28"]
[White "Calzetta Ruiz, Monica"]
[Black "Tarasenka, Aliaksandra"]
[Result "1/2-1/2"]
[WhiteTitle "WGM"]
[BlackTitle "WFM"]
[WhiteElo "2306"]
[BlackElo "2061"]
[WhiteFideId "2204185"]
[BlackFideId "13514288"]
[EventDate "2021.08.09"]

1. e4 c5 2. Nf3 e6 3. d4 cxd4 4. Nxd4 Nf6 5. Nc3 Nc6 6. Ndb5 d6 7. Bf4 e5 8. Bg5
a6 9. Na3 b5 10. Nd5 Be7 11. Bxf6 Bxf6 12. c3 Rb8 13. Nc2 Bg5 14. g3 O-O 15. h4
Bh6 16. Bh3 Be6 17. Kf1 Qd7 18. Kg2 Bxh3+ 19. Rxh3 f5 20. exf5 Qxf5 21. f3 Qf7
22. Rh1 Nd4 23. cxd4 Qxd5 24. dxe5 Qxe5 25. Nd4 Rbc8 26. Re1 Qd5 27. Qb3 Rc4 28.
Rad1 Rfc8 29. Re2 g6 30. Ne6 Qc6 31. h5 gxh5 32. Nd4 Qd5 33. Re4 Bg7 34. Ne2 Qf7
35. Rxd6 Rxe4 36. Qxf7+ Kxf7 37. fxe4 Rc2 38. Kf3 a5 39. Rd7+ Kg8 40. Rd5 Rxb2
41. e5 a4 42. Nc3 b4 43. Nxa4 Rxa2 1/2-1/2

[Event "21st ch-EUR Indiv w 2021"]
[Site "Iasi ROU"]
[Date "2021.08.18"]
[Round "9.29"]
[White "Gvanceladze, Anna"]
[Black "Agrest, Inna"]
[Result "1/2-1/2"]
[WhiteTitle "WFM"]
[BlackTitle "WIM"]
[WhiteElo "2182"]
[BlackElo "2281"]
[WhiteFideId "4113721"]
[BlackFideId "1708830"]
[EventDate "2021.08.09"]

1. d4 Nf6 2. Nf3 g6 3. Bg5 Bg7 4. Nbd2 d5 5. e3 O-O 6. Be2 c5 7. c3 Nc6 8. O-O
Qb6 9. Qb3 Bf5 10. h3 h6 11. Bf4 c4 12. Qa3 Qd8 13. Ne5 g5 14. Nxc6 bxc6 15. Be5
Ne4 16. Bxg7 Kxg7 17. Nxe4 Bxe4 18. b3 cxb3 19. axb3 Qd7 20. Qc5 Rfb8 21. b4 Rb7
22. Ra6 Rc7 23. f3 Bg6 24. e4 Rb8 25. Rfa1 Rbb7 26. Kf2 h5 27. R1a3 g4 28. hxg4
hxg4 29. R6a5 gxf3 30. Bxf3 e6 31. e5 Qd8 32. Rxa7 Qh4+ 33. Ke2 Rxa7 34. Rxa7
Rxa7 35. Qxa7 Bh5 36. Qa1 Bxf3+ 37. gxf3 Qh2+ 38. Kd3 Qh7+ 39. Kd2 Qh2+ 40. Kd3
Qh7+ 1/2-1/2

[Event "21st ch-EUR Indiv w 2021"]
[Site "Iasi ROU"]
[Date "2021.08.18"]
[Round "9.30"]
[White "Katkov, Michelle"]
[Black "Mamedjarova, Zeinab"]
[Result "0-1"]
[WhiteTitle "WFM"]
[BlackTitle "WGM"]
[WhiteElo "2173"]
[BlackElo "2272"]
[WhiteFideId "2816393"]
[BlackFideId "13401521"]
[EventDate "2021.08.09"]

1. e4 d5 2. exd5 Qxd5 3. Nc3 Qd8 4. d4 g6 5. Nf3 Bg7 6. Bc4 Nf6 7. O-O O-O 8.
Ne5 Nbd7 9. Bg5 Nb6 10. Bb3 a5 11. a4 c6 12. Re1 Nbd5 13. Nxd5 Nxd5 14. Ng4 f6
15. Bd2 Kh8 16. Qe2 Qb6 17. Ne3 e6 18. Nc4 Qxd4 19. Bxa5 b6 20. Bd2 e5 21. Be3
Nxe3 22. Qxe3 Qxe3 23. Rxe3 Rb8 24. Nd6 h5 25. Nxc8 Rbxc8 26. Rd3 f5 27. Rd7 e4
28. Bf7 Kh7 29. Rad1 Be5 30. g3 Kh6 31. Re7 Bxb2 32. Rd6 Ba3 33. Rxg6+ Kh7 34.
Ree6 Rxf7 35. Rh6+ Kg8 36. Rxc6 Rxc6 37. Rxc6 Kg7 38. Rxb6 Rc7 39. a5 Rxc2 40.
Rb7+ Kf6 41. Rb6+ Ke7 42. Rb7+ Kd6 43. Rb6+ Kd5 44. a6 Bc5 45. a7 Ra2 0-1

[Event "21st ch-EUR Indiv w 2021"]
[Site "Iasi ROU"]
[Date "2021.08.18"]
[Round "9.31"]
[White "Muetsch, Annmarie"]
[Black "Toncheva, Nadya"]
[Result "1-0"]
[WhiteTitle "WIM"]
[BlackTitle "FM"]
[WhiteElo "2259"]
[BlackElo "2156"]
[WhiteFideId "12971367"]
[BlackFideId "2924056"]
[EventDate "2021.08.09"]

1. e4 e5 2. Nf3 Nc6 3. Bc4 Bc5 4. c3 Nf6 5. d4 exd4 6. e5 d5 7. Bb5 Ne4 8. cxd4
Bb6 9. Nc3 O-O 10. Be3 Bg4 11. Qc2 Bxf3 12. gxf3 Ng5 13. O-O-O Ne6 14. Bxc6 bxc6
15. Ne2 Qd7 16. f4 f5 17. exf6 Rxf6 18. f5 Nf8 19. Ng3 Rf7 20. h4 Kh8 21. Rd3
Re8 22. Rc3 Rf6 23. Bg5 Rf7 24. Rd1 h6 25. Be3 Rf6 26. Bf4 Ng6 27. Bg5 hxg5 28.
hxg5 Rd6 29. fxg6 Qg4 30. Rxc6 Bxd4 31. Rxd6 cxd6 32. Kb1 Be5 33. Rh1+ Kg8 34.
Qf5 Qxf5+ 35. Nxf5 Bf4 36. Rh7 Re1+ 37. Kc2 Rc1+ 38. Kd3 Rc7 39. Kd4 Bxg5 40.
Nxd6 Rd7 41. Nf7 Bf6+ 42. Kc5 Kf8 43. Kc6 Rxf7 44. Rh8+ Ke7 45. gxf7 1-0

[Event "21st ch-EUR Indiv w 2021"]
[Site "Iasi ROU"]
[Date "2021.08.18"]
[Round "9.32"]
[White "Pavlidou, Ekaterini"]
[Black "Navrotescu, Andreea"]
[Result "1-0"]
[WhiteTitle "WIM"]
[BlackTitle "WIM"]
[WhiteElo "2136"]
[BlackElo "2249"]
[WhiteFideId "4213262"]
[BlackFideId "675946"]
[EventDate "2021.08.09"]

1. d4 d5 2. c4 c6 3. Nf3 Nf6 4. Nbd2 Bf5 5. Nh4 Be6 6. e3 g6 7. Bd3 Bg7 8. O-O
O-O 9. Qc2 Na6 10. a3 dxc4 11. Nxc4 c5 12. Nf3 Rc8 13. Qe2 cxd4 14. exd4 Bd5 15.
Nce5 Nc7 16. Ng5 h6 17. Ngf3 Ne6 18. Be3 Nh5 19. Qd2 Bxf3 20. Nxf3 Nxd4 21. Nxd4
Bxd4 22. Bxh6 Ng7 23. Be4 e5 24. Rad1 Qb6 25. Qg5 Rfd8 26. Rd3 Ne8 27. Rf3 Rd6
28. Qe7 f5 29. Qf8+ Kh7 30. Rh3 Bxf2+ 31. Kh1 Bh4 32. Rxh4 Qf2 33. Qf7+ Kh8 34.
Bg7# 1-0

[Event "21st ch-EUR Indiv w 2021"]
[Site "Iasi ROU"]
[Date "2021.08.18"]
[Round "9.33"]
[White "Kazarian, Anna-Maja"]
[Black "Ciolacu, Alessia-Mihaela"]
[Result "0-1"]
[WhiteTitle "FM"]
[BlackTitle "WFM"]
[WhiteElo "2096"]
[BlackElo "2241"]
[WhiteFideId "1033689"]
[BlackFideId "1252640"]
[EventDate "2021.08.09"]

1. e4 e5 2. Nf3 Nc6 3. Bb5 Nf6 4. d3 Bc5 5. O-O d6 6. c3 O-O 7. Be3 Bb6 8. h3
Ne7 9. Nbd2 c6 10. Ba4 Ng6 11. d4 Bc7 12. Re1 d5 13. Nxe5 Nxe4 14. Nxe4 dxe4 15.
Qh5 Qd6 16. Bc2 Nxe5 17. dxe5 Qxe5 18. Qxe5 Bxe5 19. Bxe4 Bf6 20. Bc5 Rd8 21.
Rad1 Be6 22. a3 g6 23. Bf3 b6 24. Be3 Rac8 25. Rxd8+ Bxd8 26. Rd1 Be7 27. Bf4 c5
28. Bb7 Re8 29. Ba6 g5 30. Bc7 h5 31. f4 f6 32. Re1 Kf7 33. Rf1 Kg7 34. fxg5
fxg5 35. Be5+ Kg8 36. Bb5 Rd8 37. Bf6 Bxf6 38. Rxf6 Bf7 39. b4 cxb4 40. cxb4
Rd1+ 41. Kh2 Ra1 42. Rf3 Kg7 43. Rd3 Be6 44. Rc3 Kf6 45. a4 Rb1 46. Rc7 Bd5 47.
Rxa7 Rxb4 48. Ra6 Rb2 49. Bf1 Ke5 50. a5 Rf2 51. axb6 Rxf1 52. b7 Bxb7 53. Rg6
Kf5 54. Rg8 Rb1 55. Rf8+ Ke6 56. Rf2 Be4 57. Re2 Kf5 58. Rf2+ Ke5 59. Ra2 h4 60.
Ra5+ Kf4 61. Ra2 Rc1 62. Rf2+ Ke3 63. Ra2 Rc2 64. Rxc2 Bxc2 65. g3 Kf3 66. gxh4
gxh4 67. Kg1 Kg3 68. Kh1 Kxh3 69. Kg1 Kg3 70. Kh1 h3 0-1

[Event "21st ch-EUR Indiv w 2021"]
[Site "Iasi ROU"]
[Date "2021.08.18"]
[Round "9.34"]
[White "Zeliantsova, Kseniya"]
[Black "Gevorgyan, Maria"]
[Result "0-1"]
[WhiteTitle "WFM"]
[BlackTitle "WGM"]
[WhiteElo "1970"]
[BlackElo "2232"]
[WhiteFideId "13512617"]
[BlackFideId "13300270"]
[EventDate "2021.08.09"]

1. e4 c5 2. Nf3 e6 3. Nc3 a6 4. g3 b5 5. Bg2 Bb7 6. d4 cxd4 7. Nxd4 Nf6 8. O-O
b4 9. Na4 Bxe4 10. Bxe4 Nxe4 11. Re1 Nc5 12. c3 bxc3 13. Nxc3 Nc6 14. Nf5 Nb7
15. Bf4 Qa5 16. Nd5 O-O-O 17. Re5 Nxe5 18. Rc1+ Kb8 19. Bxe5+ d6 20. Bd4 Qxd5
21. Ne3 Qb5 22. a4 Qd7 23. Qb3 Rc8 24. Nc4 Rc6 25. Rd1 Qc7 26. Bb6 Qc8 27. Rd4
e5 28. Re4 f5 29. Rh4 g5 30. Rh5 Rxc4 31. Rxg5 Qc6 32. Be3 Bh6 0-1

[Event "21st ch-EUR Indiv w 2021"]
[Site "Iasi ROU"]
[Date "2021.08.18"]
[Round "9.35"]
[White "Petrova, Irina"]
[Black "Belenkaya, Dina"]
[Result "1-0"]
[WhiteTitle "WIM"]
[BlackTitle "WGM"]
[WhiteElo "2110"]
[BlackElo "2350"]
[WhiteFideId "14124122"]
[BlackFideId "24142654"]
[EventDate "2021.08.09"]

1. e4 c6 2. d4 d5 3. Nc3 dxe4 4. Nxe4 Bf5 5. Ng3 Bg6 6. h4 h6 7. Nf3 e6 8. h5
Bh7 9. Bd3 Bxd3 10. Qxd3 c5 11. Be3 Nc6 12. O-O-O Nf6 13. dxc5 Qxd3 14. cxd3
O-O-O 15. a3 Rd5 16. d4 Be7 17. Kc2 Rhd8 18. b4 a6 19. Rb1 R5d7 20. Rhd1 Nd5 21.
Ne5 Nxe5 22. dxe5 Nxe3+ 23. fxe3 Rd5 24. Rxd5 Rxd5 25. Rf1 Rxe5 26. Rxf7 Bh4 27.
Rf3 Bf6 28. Kd3 Rd5+ 29. Kc4 Re5 30. Kd3 Rd5+ 31. Ke2 Bb2 32. Ne4 Rd7 33. Nd6+
Kc7 34. Rf8 Kc6 35. e4 Be5 36. Rc8+ Rc7 37. Rxc7+ Kxc7 38. Nc4 Bc3 39. Kd3 Ba1
40. a4 Kc6 41. Na5+ Kc7 42. b5 Bf6 43. Kc4 Bh4 44. Nb3 Bg3 45. Nd4 Kd7 46. c6+
bxc6 47. Nxc6 Bd6 48. Nd4 axb5+ 49. Kxb5 Bg3 50. a5 Bf2 51. Nb3 Kd6 52. a6 Bg1
53. Na5 Ba7 54. Nc4+ Kc7 55. e5 Bd4 56. g4 Bg1 57. Nd6 Kd7 58. Nb7 Ba7 59. Nc5+
Ke7 60. Kc6 Kf7 61. Na4 g6 62. Kb7 Bd4 63. Nb6 1-0

[Event "21st ch-EUR Indiv w 2021"]
[Site "Iasi ROU"]
[Date "2021.08.18"]
[Round "9.36"]
[White "Charochkina, Daria"]
[Black "Ghukasyan, Siranush"]
[Result "1/2-1/2"]
[WhiteTitle "IM"]
[BlackTitle "WIM"]
[WhiteElo "2340"]
[BlackElo "2194"]
[WhiteFideId "4180917"]
[BlackFideId "13300946"]
[EventDate "2021.08.09"]

1. e4 e5 2. d4 exd4 3. Qxd4 Nc6 4. Qc4 d6 5. Nc3 Nf6 6. f3 Be7 7. Be3 O-O 8.
O-O-O Be6 9. Qe2 Nd7 10. f4 Nb6 11. Nf3 f5 12. exf5 Bxf5 13. Rg1 Bf6 14. g4 Bg6
15. f5 Bf7 16. Bd2 Re8 17. Qf2 Nb4 18. a3 Bxc3 19. axb4 Bxd2+ 20. Qxd2 Qd7 21.
Ng5 Qa4 22. Qc3 Nd5 23. Qa3 Qxa3 24. bxa3 Nc3 25. Rd3 Ne2+ 26. Bxe2 Rxe2 27. Rc3
c6 28. Rd1 Bd5 29. Nh3 Re4 30. Nf2 Rf4 31. Rd2 Re8 32. Rg3 Kf7 33. Nd1 h5 34.
Ne3 Bf3 35. Ng2 Bxg2 36. Rgxg2 d5 37. gxh5 Rxf5 38. Rd3 Rxh5 39. Rdg3 Rh7 40.
Rf2+ Kg8 41. Rgf3 Rh6 42. Rf7 Rxh2 43. Rxg7+ Kxg7 44. Rxh2 Re7 45. Kb2 Kf6 46.
Rh8 Ke6 47. Ra8 a6 48. Rd8 Rd7 49. Re8+ Kd6 50. Kc3 Rg7 51. Rb8 Kc7 52. Rh8 Kb6
53. Rb8 a5 54. bxa5+ Kxa5 55. Kb2 Kb5 56. Kb3 Rg3+ 57. Kb2 b6 58. a4+ Kc5 59.
Ra8 Rg4 60. Ra7 Kb4 61. Ra6 Kc5 62. Ra7 Rb4+ 63. Kc3 d4+ 64. Kd2 Rb2 65. Kd3 Ra2
66. Ra6 Ra3+ 67. Kd2 Ra1 68. Kd3 Rb1 69. Kd2 Kd5 70. Ra8 c5 71. a5 b5 72. a6 Kc4
73. a7 Ra1 74. Ke2 Kb4 75. Kd2 Ra3 76. Ke2 c4 77. Kd2 d3 78. cxd3 c3+ 79. Ke3 c2
80. Kd2 Rxd3+ 81. Kxc2 Ra3 82. Kb1 Ra6 83. Rh8 Rxa7 84. Rh4+ Ka3 85. Rh3+ Ka4
86. Rh4+ b4 87. Rh3 Rg7 88. Rh1 Ka3 89. Rh3+ b3 90. Rh1 Rg2 91. Rf1 Rb2+ 92. Ka1
Rg2 93. Rh1 1/2-1/2

[Event "21st ch-EUR Indiv w 2021"]
[Site "Iasi ROU"]
[Date "2021.08.18"]
[Round "9.37"]
[White "Cosman, Andreea-Marioara"]
[Black "Chernyak, Viktoria"]
[Result "0-1"]
[WhiteTitle "WFM"]
[BlackTitle "WGM"]
[WhiteElo "2143"]
[BlackElo "2319"]
[WhiteFideId "1217968"]
[BlackFideId "24165956"]
[EventDate "2021.08.09"]

1. d4 d5 2. c4 e6 3. Nf3 Nf6 4. e3 c6 5. b3 Nbd7 6. Bb2 Bb4+ 7. Nbd2 O-O 8. Bd3
b6 9. O-O Bb7 10. Qe2 c5 11. a3 Ba5 12. Ne5 Bxd2 13. Qxd2 Rc8 14. Rfd1 Qe7 15.
Qe2 Rfd8 16. a4 h6 17. a5 dxc4 18. Bxc4 Nxe5 19. dxe5 Nd5 20. axb6 axb6 21. Ra7
Ra8 22. Rda1 Rxa7 23. Rxa7 Rd7 24. Ra1 Bc6 25. Rf1 Qd8 26. Qg4 Qa8 27. Bc1 Kf8
28. f4 Ne7 29. Qe2 Be4 30. g4 Ng6 31. Bxe6 fxe6 32. f5 exf5 33. e6 Rd5 34. Qe1
Kg8 35. Bb2 Qd8 36. Qc3 Qe7 37. Ra1 Rd8 38. h3 Nh4 39. Kf1 fxg4 0-1

[Event "21st ch-EUR Indiv w 2021"]
[Site "Iasi ROU"]
[Date "2021.08.18"]
[Round "9.38"]
[White "Nilssen, Ellen Fredericia"]
[Black "Mamedjarova, Turkan"]
[Result "0-1"]
[WhiteTitle "WFM"]
[BlackTitle "WGM"]
[WhiteElo "2081"]
[BlackElo "2309"]
[WhiteFideId "1441230"]
[BlackFideId "13402005"]
[EventDate "2021.08.09"]

1. d4 d5 2. c4 c6 3. Nf3 Nf6 4. Nc3 e6 5. Bg5 Nbd7 6. e3 h6 7. Bh4 Be7 8. Bd3
O-O 9. O-O b6 10. Rc1 Bb7 11. Qe2 Re8 12. Rfd1 Nh5 13. Bg3 Nxg3 14. hxg3 Bf6 15.
cxd5 exd5 16. Ba6 Bxa6 17. Qxa6 Nf8 18. b4 Ne6 19. Na4 Qd6 20. a3 Qd7 21. Nc3
Nc7 22. Qd3 a5 23. Na4 Reb8 24. Nb2 axb4 25. axb4 c5 26. Ne5 Bxe5 27. dxe5 Qe7
28. Qc3 c4 29. e4 Nb5 30. Qe1 c3 31. Rxc3 Nxc3 32. Qxc3 dxe4 33. Nc4 Rc8 34. Qd4
Qxb4 35. Nxb6 Qxd4 36. Rxd4 Rc1+ 37. Kh2 Ra2 38. Rd8+ Kh7 39. Nd7 Kg6 40. g4 Kg5
41. Rg8 g6 42. Kg3 Rc3+ 43. f3 exf3 44. gxf3 Raa3 45. e6 Rxf3+ 46. Kg2 fxe6 47.
Rxg6+ Kxg6 48. Ne5+ Kg5 49. Nxf3+ Kxg4 0-1